MARC details
| 000 -CABECERA |
| campo de control de longitud fija |
01541nam a2200217 a 4500 |
| 001 - NÚMERO DE CONTROL |
| campo de control |
000039703 |
| 005 - FECHA Y HORA DE LA ÚLTIMA TRANSACCIÓN |
| campo de control |
20201002033704.0 |
| 008 - DATOS DE LONGITUD FIJA--INFORMACIÓN GENERAL |
| campo de control de longitud fija |
130716s1968 sp 000 0 spa d |
| 040 ## - FUENTE DE LA CATALOGACIÓN |
| Centro catalogador/agencia de origen |
DO-SdBNP |
| Lengua de catalogación |
spa |
| Centro/agencia transcriptor |
BNPHU |
| 082 ## - NÚMERO DE LA CLASIFICACIÓN DECIMAL DEWEY |
| Número de clasificación |
808.831 |
| Número de documento/Ítem |
A634m, 1968 |
| 245 00 - MENCIÓN DE TÍTULO |
| Título |
Antología de las mejores novelas policíacas / |
| Mención de responsabilidad, etc. |
selección José A. Llorens. |
| 250 ## - MENCIÓN DE EDICIÓN |
| Mención de edición |
6a ed. |
| 260 ## - PUBLICACIÓN, DISTRIBUCIÓN, ETC. |
| Lugar de publicación, distribución, etc. |
Barcelona : |
| Nombre del editor, distribuidor, etc. |
Ediciones Acervo, |
| Fecha de publicación, distribución, etc. |
1968. |
| 300 ## - DESCRIPCIÓN FÍSICA |
| Extensión |
v. ; |
| Dimensiones |
21 cm. |
| 500 ## - NOTA GENERAL |
| Nota general |
La biblioteca posee el v.3 |
| 505 0# - NOTA DE CONTENIDO CON FORMATO |
| Título |
El retorno del presidiario / |
| Mención de responsabilidad |
Charles Dickens -- |
| Título |
La calavera que gritaba / |
| Mención de responsabilidad |
Francis Marion Crawford -- |
| Título |
El hacha de oro / |
| Mención de responsabilidad |
Gastón Leroux -- |
| Título |
El preso de la celda número 13 / |
| Mención de responsabilidad |
Jacques Futrelle -- |
| Título |
El problema insoluble / |
| Mención de responsabilidad |
G. K. Chesterton -- |
| Título |
El paso a nivel / |
| Mención de responsabilidad |
Freeman Willis Crofts -- |
| Título |
El crimen de Regent's Park / |
| Mención de responsabilidad |
Baronesa Orczy -- |
| Título |
La casita / |
| Mención de responsabilidad |
H. C. Bayle -- |
| Título |
Luz de gas / |
| Mención de responsabilidad |
Patrick Hamilton -- |
| Título |
La estirpe de los Orven / |
| Mención de responsabilidad |
M. P. Shiel -- |
| Título |
La desaparición de la señora Fraser / |
| Mención de responsabilidad |
Sir Basil Thomson -- |
| Título |
El inferior / |
| Mención de responsabilidad |
Agatha Christie -- |
| Título |
Programa doble / |
| Mención de responsabilidad |
William Irish -- |
| Título |
El fantasma de Anita Flores / |
| Mención de responsabilidad |
Noel Clarasó -- |
| Título |
La pobre Gertrudis / |
| Mención de responsabilidad |
Roy Vickers -- |
| Título |
Una mujer de principios / |
| Mención de responsabilidad |
Roy Vickers -- |
| Título |
Ola de crímenes en el castillo de Blandings / |
| Mención de responsabilidad |
P. G. Wodehouse -- |
| Título |
El dado del emperador / |
| Mención de responsabilidad |
Ellery Queen -- |
| Título |
La muñeca del delfín / |
| Mención de responsabilidad |
Ellery Queen |
| 650 #4 - PUNTO DE ACCESO ADICIONAL DE MATERIA--TÉRMINO DE MATERIA |
| Término de materia o nombre geográfico como elemento de entrada |
Novela policíaca |
| Subdivisión general |
Colecciones |
| 9 (RLIN) |
50055 |
| 650 #4 - PUNTO DE ACCESO ADICIONAL DE MATERIA--TÉRMINO DE MATERIA |
| Término de materia o nombre geográfico como elemento de entrada |
Literatura |
| Subdivisión general |
Colecciones |
| 9 (RLIN) |
40253 |
| 700 12 - PUNTO DE ACCESO ADICIONAL--NOMBRE DE PERSONA |
| Nombre de persona |
Llorens, José A. |
| 9 (RLIN) |
4194 |
| 910 ## - DATOS DE OPCIÓN DEL USUARIO (OCLC) |
| Datos de opción del usuario |
Validado. Control de calidad MFF |